000 01604nam a2200313 i 4500
001 000000775
003 DO-SdBNP
005 20250626114928.0
007 ta
008 090509s2006 pe a 000 0 spa d
020 _a9972209105
020 _a9789972209109
040 _aDO-SdBNP
_bspa
_cBNPHU
_erda
041 _aspa
082 4 _a512.076
_bA394
_222
245 0 0 _aÁlgebra
264 1 _aLima, Perú :
_bLexus,
_c2006.
300 _a415 páginas :
_bilustraciones ;
_c27 cm. +
_e1 DVD (4 3/4 plgs).
336 _atexto
_btxt
_2rdacontent
337 _asin mediación
_bn
_2rdamedia
338 _avolumen
_bnc
_2rdacarrier
500 _aManual de preparación pre-universitaria
500 _aIdea, diseño y realización del departamento de creación editorial de lexus editores
505 2 _aConceptos fundamentales --
_tGrado de las expresiones algebraicas --
_tNotación polinómica --
_tPolinomios especiales --
_tExpresiones algebraicas --
_tDivisibilidad algebraica --
_tCocientes notables --
_tFactorización --
_tMáximo común divisor y mínimo común múltiplo --
_tFracciones algebraicas --
_tIntroducción el binomio de Newton --
_tRadicación --
_tOperaciones con raíces --
_tVerdadero valor de fracciones algebraicas --
_tCantidades imaginarias y números complejos --
_tEcuaciones --
_tDeterminantes --
_tEcuaciones de segundo grado --
_tDesigualdad e inecuaciones --
_tProgresiones --
_tLogaritmos --
_tInterés compuesto.
650 0 _aÁlgebra
_xProblemas, ejercícios, etc.
_925976
650 0 _aÁlgebra
_xEnseñanza
_925976
650 4 _aÁlgebra
_xSoluciones numéricas
_92664
942 _2ddc
_cLBS1
999 _c771
_d771